00502nam a2200169 i 450000100060000000300090000600500170001500700030003200800410003510000230007624500620009926000430016130000220020449000430022683000430026985200200031240078ES-MaACL20230906160135.0t|030305s1907 fr ||||1| fre d1 aCanudo, Ricciotto.13aLe livre de l'evolution b: l'homme / cRicciotto Canudo. aParis : b[s.n., c1907] (fE. Sausoz) a326 p. ; c19 cm.1 aPsychologie musicale des civilisations0 aPsychologie musicale des civilisations aES-MaACLjD-434